000 00259nam a22001217a 4500
008 181031b xxu||||| |||| 00| 0 eng d
041 _aeng
080 _a370
100 _a48
101 _aEDU
245 _aChange Or Design
_cHorigan.J.E
942 _2udc
_cBK
999 _c51253
_d51253